| 000 | 01004cam a2200313 4500 | ||
|---|---|---|---|
| 001 | 30432 | ||
| 003 | KVGH | ||
| 005 | 20250701154443.0 | ||
| 008 | 111208s2013 ch a f 000 0 chi d | ||
| 020 |
_a9789861579399 (精裝) : _cNT$2,800 |
||
| 040 | _aVGHKS | ||
| 041 | 1 |
_achi _heng |
|
| 042 | _anbic | ||
| 084 | _a416.025 | ||
| 090 | _a416.025 | ||
| 100 | 1 |
_a佐林格, _c(Zollinger, Robert M.) |
|
| 245 | 1 | 0 |
_aZollinger's外科手術圖譜 / _cRobert M. Zollinger, E.Christopher Ellison原著 ; 楊明杰譯 |
| 250 | _a初版 | ||
| 260 |
_a臺北市 : _b麥格羅.希爾 : _b合記, _c2013.01 |
||
| 300 |
_a629 面 : _b彩圖, 表 ; _c27 公分 |
||
| 500 | _a著者分別譯為佐林格、埃利森 | ||
| 500 | _a譯自 : Zollinger's atlas of surgical operations, 9th. | ||
| 650 | 7 |
_a外科 _2lcstt. |
|
| 650 | 7 |
_a圖錄 _2lcstt. |
|
| 700 | 1 |
_a埃利森, _c(Ellison, E. Christopher) |
|
| 700 | 1 | _a楊明杰 | |
| 740 | 0 | _aZollinger's atlas of surgical operations, 9th. | |
| 942 |
_2ccl _cLNTERM |
||
| 999 |
_c7642 _d7642 |
||